| 000 | 00592nam a2200181 a 4500 | ||
|---|---|---|---|
| 005 | 20140412111309.0 | ||
| 008 | 010404s19uu xx 00 eng d | ||
| 020 | _a1-57471-141-5 | ||
| 050 |
_aTR(PS E _bCa28 1996 |
||
| 100 | _aWilliams, Rozanne Lanczak | ||
| 245 |
_aGood choices for cat and dog / _cwritten by Rozanne Lanczak Williams; illustrated by Catherine Leary. |
||
| 260 |
_aCypress, CA : _bCreative Teaching Press, _c1996. |
||
| 300 | _a16p. ; ill. | ||
| 440 | _aRead to Learn-Learn to Read | ||
| 500 | _aEmergent Reader Level II | ||
| 650 | _aSocial studies | ||
| 999 |
_c103888 _d103888 |
||